Catalog

Record Details

Catalog Search



Kenzie kickstarts a team. #1 / by Kit Rosewater ; ... Read More

Rosewater, Kit,(author.).
Escabasse, Sophie,(illustrator.).

Available copies

  • 2 of 2 copies available at LARL/NWRL Consortium.

Current holds

0 current holds with 2 total copies.

Show All Copies
Location Call Number / Copy Notes Barcode Shelving Location Status Due Date
Breckenridge Public Library J ROS (Text) 33500013230677 Main Available -
Moorhead Public Library J ROS (Text) 33500013230669 Main Available -

Record details

  • ISBN: 9781419740794
  • ISBN: 1419740792
  • Physical Description: 162 pages : illustrations ; 22 cm.
  • Publisher: New York : Amulet Books, 2020.

Content descriptions

Summary, etc.:
Fifth-grade best friends Kenzie "Kenzilla" and ... Read More
Subject: Roller derby > Juvenile fiction.
Roller skating > Juvenile fiction.
Best friends > Juvenile fiction.
Friendship > Juvenile fiction.
Roller derby > Fiction.
Roller skating > Fiction.
Best friends > Fiction.
Friendship > Fiction.
Roller skating > Juvenile fiction.
Friendship > Juvenile fiction.
Roller skating > Fiction.
Friendship > Fiction.
LDR 01908cam a2200493Ii 4500
001336098
003LARL_NWRL_CONSORTIUM
00520200428173901.0
008200313s2020 nyua c 000 1 eng
010 . ‡a 2019018635
040 . ‡aDLC ‡beng ‡erda ‡cFMG ‡dFMG ‡dOCLCO ‡dYDX ‡dBDX ‡dAZD ‡dOCLCO ‡dZ#6
019 . ‡a1111944366
020 . ‡a9781419740794
020 . ‡a1419740792
035 . ‡a(OCoLC)1144497131 ‡z(OCoLC)1111944366
08200. ‡a[Fic] ‡223
1001 . ‡aRosewater, Kit, ‡eauthor.
24510. ‡aKenzie kickstarts a team. ‡n#1 / ‡cby Kit Rosewater ; illustrated by Sophie Escabasse.
264 1. ‡aNew York : ‡bAmulet Books, ‡c2020.
300 . ‡a162 pages : ‡billustrations ; ‡c22 cm.
336 . ‡atext ‡btxt ‡2rdacontent
337 . ‡aunmediated ‡bn ‡2rdamedia
338 . ‡avolume ‡bnc ‡2rdacarrier
4900 . ‡aDerby Daredevils ; ‡v1
520 . ‡aFifth-grade best friends Kenzie "Kenzilla" and Shelly "Bombshell" dream of becoming roller derby superstars one day, but when a junior league forms and they must recruit teammates, will their friendship survive?
650 0. ‡aRoller derby ‡vJuvenile fiction.
650 0. ‡aRoller skating ‡vJuvenile fiction.
650 0. ‡aBest friends ‡vJuvenile fiction. ‡0(LARL_NWRL_CONSORTIUM)170952
650 0. ‡aFriendship ‡vJuvenile fiction. ‡0(LARL_NWRL_CONSORTIUM)164914
650 1. ‡aRoller derby ‡vFiction.
650 1. ‡aRoller skating ‡vFiction.
650 1. ‡aBest friends ‡vFiction. ‡0(LARL_NWRL_CONSORTIUM)168959
650 1. ‡aFriendship ‡vFiction. ‡0(LARL_NWRL_CONSORTIUM)164944
650 7. ‡aRoller skating ‡vJuvenile fiction. ‡2sears
650 7. ‡aFriendship ‡vJuvenile fiction. ‡2sears ‡0(LARL_NWRL_CONSORTIUM)164914
650 7. ‡aRoller skating ‡vFiction. ‡2sears
650 7. ‡aFriendship ‡vFiction. ‡2sears ‡0(LARL_NWRL_CONSORTIUM)164944
7001 . ‡aEscabasse, Sophie, ‡eillustrator.
901 . ‡a336098 ‡bOCoLC ‡c336098 ‡tbiblio ‡soclc

Additional Resources